India's management institutes and human capital development / (Record no. 150831)

MARC details
000 -LEADER
fixed length control field 00632nam a22001937a 4500
005 - DATE AND TIME OF LATEST TRANSACTION
control field 20180409141927.0
010 ## - LCCN (DPL NO)
LC control number ENG-122500
020 ## - INTERNATIONAL STANDARD BOOK NUMBER
International Standard Book Number 9789380574974
Terms of availability 695.00
035 ## - SYSTEM CONTROL NUMBER
System control number EN-106032
037 ## - SOURCE OF ACQUISITION
Source of stock number/acquisition DBAD/PUB
082 ## - DEWEY DECIMAL CLASSIFICATION NUMBER
Classification number 650.071154
100 ## - MAIN ENTRY--PERSONAL NAME
Personal name Prasher, Rajeev
245 ## - TITLE STATEMENT
Title India's management institutes and human capital development /
Statement of responsibility, etc by Rajeev Prasher
260 ## - PUBLICATION, DISTRIBUTION, ETC. (IMPRINT)
Place of publication, distribution, etc Delhi
Name of publisher, distributor, etc Bookwell
Date of publication, distribution, etc 2016
270 ## - ADDRESS
Address 3/79, Nirankari Colony,
City Delhi
Postal code 110009
Telephone number 91-11-27601283
Electronic mail address bkwell@nde.vsnl.net.in,
300 ## - PHYSICAL DESCRIPTION
Extent 185p.
Other physical details ill.
Dimensions 21cm(Hb)
500 ## - GENERAL NOTE
General note Include bibliography
942 ## - ADDED ENTRY ELEMENTS (KOHA)
Source of classification or shelving scheme Dewey Decimal Classification
Item type English Books
Call number suffix PRA
Classification part 650.071154
Holdings
Withdrawn status Lost status Not for loan Collection code Home library Current library Date acquired Source of acquisition Cost, normal purchase price Full call number Barcode Copy number Cost, replacement price Koha item type
    Not For Loan Non-fiction D.B.Act.Division Sarojini Nagar 06/04/2018 DBAD/PUB 695.00 650.071154 PRA EN-106032 1 695.00 English Books

© Delhi Public Library
Hit Counter
free hit counter